Japan at war and peace: Shidehara Kijūrō and the making of modern diplomacy /

Bibliographic Details
Main Author: Hattori, Ryuji
Corporate Author: JSTOR (Organization)
Format: eBook
Language:English
Published: Canberra, ACT, Australia : Australian National University Press, 2021.
Subjects:
Online Access:Connect to the full text of this electronic book

MARC

Tag First Indicator Second Indicator Subfields
LEADER 00000cam a22000007i 4500
001 in00004635913
006 m o d
007 cr cnu---mpcba
008 211115s2021 aca gob 000 0beng d
005 20230103223555.5
035 |a (OCoLC)on1285332893 
040 |a ANV  |b eng  |e rda  |c ANV  |d AUNED  |d JSTOR  |d EBLCP  |d OCLCF  |d OCLCO 
020 |a 9781760464974  |q (electronic bk.) 
020 |a 176046497X  |q (electronic bk.) 
020 |z 9781760464967  |q (paperback) 
035 |a (OCoLC)1285332893 
037 |a 22573/ctv25ksrvq  |b JSTOR 
043 |a a-ja--- 
050 4 |a DS890.S4 
082 0 4 |a 952.044092  |2 23 
049 |a TXAM 
100 1 |a Hattori, Ryuji 
245 1 0 |a Japan at war and peace:  |b Shidehara Kijūrō and the making of modern diplomacy /  |c by Ryuki Hattori 
264 1 |a Canberra, ACT, Australia :  |b Australian National University Press,  |c 2021. 
300 |a 1 online resource (1 online resource (347 pages)) 
336 |a text  |b txt  |2 rdacontent 
337 |a computer  |b c  |2 rdamedia 
338 |a online resource  |b cr  |2 rdacarrier 
347 |a text file  |b PDF  |c 2.7MB 
505 0 |a Part 1. Glory: The Meiji and Taishō Eras. ch.1. Path to the Ministry of Foreign Affairs -- ch.2. The Russo-Japanese War, World War I and the Washington Naval Conference -- ch.3. Japan-US relations and Chinese nationalism. Part 2. Breakdown: The prewar Shōwa Era. ch.4. Japan's intervention in China -- ch.5. The London Naval Conference and the Manchurian Incident -- ch.6. From the second Sino-Japanese War to the Pacific War. Part 3. Recovery: The postwar period -- ch.7. Prime Minister of an occupied nation: The Emperor system and the new constitution -- ch.8. War responsibility and nonpartisan diplomacy for peace -- ch.9. A legacy beyond war and peace -- Conclusion: Diplomacy and democracy -- Appendix: Brief chronology of Shidehara Kijūrō 
520 1 |a The question of how to maintain the continuity of diplomacy while developing democracy without military intervention is an old and new issue. The challenge can be described as a dilemma between democracy and diplomatic coherence. The best embodiment of diplomacy in Japan's emerging democracy--the development of parliamentary democracy and mass-based democracy--is Shidehara Kijūrō (1872-1951), who served as foreign minister from 1924 to 1927 and from 1929 to 1931, and was prime minister from 1945 to 1946. As a diplomat from the Ministry of Foreign Affairs, Shidehara had long grappled with the issue of how to ensure diplomatic coherence in modern Japan, which was becoming increasingly democratic. Although Shidehara succeeded to some extent in promoting diplomacy in cooperation with the US and the UK under party politics, the rise of the military after the Manchurian Incident forced him to retire for a period. However, after the Pacific War, Shidehara became prime minister of the US-occupied Japan and attempted to restore cooperative diplomacy under party politics. Shidehara came to the conclusion that the way to achieve both democracy and diplomatic coherence was through nonpartisan diplomacy towards peace. 
504 |a Includes bibliographical references. 
542 |n Unless stated otherwise, the author retains copyright to their work while ANU Press retains exclusive worldwide rights for the distribution of the book. From 2018, the majority of ANU Press titles are published under a Creative Commons licence (CC BY-NC-ND; creativecommons.org/licenses/by-nc-nd/4.0/), which broadens the ways in which works can be used and distributed. Please refer to the copyright page of each book for more information on a specific title's copyright licensing. 
600 1 0 |a Shidehara, Kijūrō,  |d 1872-1951. 
600 1 7 |a Shidehara, Kijūrō,  |d 1872-1951.  |2 fast  |0 (OCoLC)fst00307922 
651 0 |a Japan  |x Foreign relations  |y 20th century. 
650 0 |a Diplomacy. 
650 4 |a History. 
651 6 |a Japon  |x Relations extérieures  |y 20e siècle. 
650 6 |a Diplomatie. 
650 7 |a diplomacy.  |2 aat 
650 7 |a Diplomacy.  |2 fast  |0 (OCoLC)fst00894188 
650 7 |a Diplomatic relations.  |2 fast  |0 (OCoLC)fst01907412 
651 7 |a Japan.  |2 fast  |0 (OCoLC)fst01204082 
648 7 |a 1900-1999  |2 fast 
655 7 |a Electronic books.  |2 local 
710 2 |a JSTOR (Organization) 
710 2 |a Australian National University Press,  |e publisher. 
776 0 8 |i Print version:  |t Japan at war and peace:  |b Shidehara Kijūrō and the making of modern diplomacy  |d Canberra, ACT, Australia : Australian National University Press, 2021  |z 9781760464967 
856 4 0 |u https://www.jstor.org/stable/10.2307/j.ctv25m8dng  |z Connect to the full text of this electronic book  |t 0 
955 |a JSTOR Open Access ebooks 
994 |a 92  |b TXA 
999 f f |s a6294635-1571-49a8-83fe-0ac45ce17e95  |i 54ab37ef-e2af-4896-a642-fb3d3f7b0fb8  |t 0 
952 f f |a Texas A&M University  |b College Station  |c Electronic Resources  |d Available Online  |t 0  |e DS890.S4   |h Library of Congress classification 
998 f f |a DS890.S4   |t 0  |l Available Online